Statistics for Australian Word Chain

Click here to take the quiz!

General Stats

  • This quiz has been taken 18 times
  • The average score is 9 of 15

Answer Stats

QuestionAnswer% Correct
Other name for Ayers RockUluru
94%
Animal that eats eucalyptusKoala
94%
What comes after GdayMate
76%
What animal famously fought in a war against Australian soldiersEmu
71%
Coast that Sydney is onEast
71%
Most of Australia's regions are known as theOutback
71%
Abbreviation for where Canberra isACT
71%
Kyrgios plays thisTennis
65%
Short name for utility vehicleUte
59%
Bird famous for its laugh in AustraliaKookaburra
53%
Common name Aussies use for AfternoonArvo
41%
Famous Australian biscuitANZAC
41%
SwimwearTogs
29%
Most common stereotypical Aussie nameSheila
18%
When something is completely full in Aussie slangChock a block
18%

Score Distribution

Percentile by Number Answered

Percent of People with Each Score

Your Score History

You have not taken this quiz